Leonardo DiCaprio Movies - Statistics

General Stats
  • This quiz has been taken 65 times
  • The average score is 17 of 53
Answer Stats
Hint Answer % Correct
1997 Titanic
97%
2013 The Wolf of Wall Street
86%
2015 The Revenant
81%
2013 The Great Gatsby
78%
2019 Once Upon A Time... In Hollywood
76%
1996 Romeo + Juliet
76%
2002 Catch Me If You Can
72%
2012 Django Unchained
69%
2010 Inception
69%
2010 Shutter Island
69%
2021 Don't Look Up
67%
2006 The Departed
64%
2004 The Aviator
60%
1993 What's Eating Gilbert Grape
60%
2002 Gangs of New York
59%
2000 The Beach
57%
1995 The Basketball Diaries
53%
2006 Blood Diamond
52%
2011 J. Edgar
45%
2008 Revolutionary Road
40%
2008 Body of Lies
38%
1998 The Man in the Iron Mask
38%
1991 Critters 3
33%
2022 Killers of the Flower Moon
33%
1992 Poison Ivy
29%
1993 This Boy's Life
28%
1995 The Quick and the Dead
26%
1998 Celebrity
21%
1995 Total Eclipse
17%
2001 Don's Plum
12%
2018 Delirium
5%
2016 Live By Night
5%
2009 Orphan
5%
2013 Out of the Furnace
5%
2011 Red Riding Hood
5%
2019 Richard Jewell
5%
2013 Runner Runner
5%
2018 Robin Hood
3%
2023 Roosevelt
3%
2011 The Ides of March
3%
2007 Gardener of Eden
2%
2004 The Assassination of Richard Nixon
2%
TBD Akira
0%
TBD Atari
0%
2003 Bad Santa
0%
2011 Below the Line
0%
TBD Captain Planet
0%
2011 Detachment
0%
2013 Don Jon
0%
TBD Jim Jones
0%
2017 SPF-18
0%
TBD The Corporation
0%
2010 The Rooneys
0%
No matching quizzes found
Score Distribution
Percent of People with Each Score
Percentile by Number Answered
Your Score History
You have not taken this quiz